| 000 | 00872cam a22002411 4500 | ||
|---|---|---|---|
| 001 | sa 68004541 | ||
| 003 | DLC | ||
| 005 | 20260227112502.0 | ||
| 008 | 850325s1965 ii b 000 0 sanx | ||
| 010 | _asa 68004541 | ||
| 025 | _aPL480:I-San-639 | ||
| 035 | _a(OCoLC)13888874 | ||
| 040 |
_aDLC _cNN _dDLC |
||
| 042 | _apremarc | ||
| 050 | 0 | 0 |
_aPK3521 _b.C5 1965 |
| 130 | 0 |
_aUpanishads. _pChāndogyopaniṣad. |
|
| 245 | 1 | 0 |
_aChāndogyopaniṣad; _banvaya, śabdārtha, bhāvārtha aura vistr̥ta vyk̄hyā sahita. _cṬīkākāra Nārāyaṇa Svāmī. |
| 260 |
_aĀgarā, _bĀryaprakāśa-Pustakālaya; _b[Prāptisthāna: Prema Pustaka Bhaṇḍāra, Barelī] _c1965. |
||
| 300 |
_a6, 415 p. _c19 cm. |
||
| 500 | _aIn Sanskrit; introductory matter and commentary in Hindi. | ||
| 504 | _aBibliographical footnotes. | ||
| 700 | 0 |
_aNārāyaṇa, _cSwami, _d1866-1948, _eed. |
|
| 999 |
_c80191 _d80191 |
||